Conjugación de Estar - Estadísticas

Estadísticas generales
  • Esta prueba ha sido intentada 302 veces
  • La puntuación promedio es 37 de 42
Estadísticas de respuestas
Tenso Sujeto Conjugación % Correcto
Presente de Indicativo Él Está
100%
Presente de Indicativo Nosotros Estamos
100%
Presente de Indicativo Ellos Están
99%
Presente de Indicativo Estás
99%
Presente de Subjuntivo Ellos Estén
99%
Presente de Indicativo Yo Estoy
99%
Presente de Indicativo Vosotros Estáis
98%
Futuro Él Estará
93%
Futuro Yo Estaré
93%
Pretérito Yo Estuve
93%
Futuro Ellos Estarán
92%
Futuro Estarás
92%
Futuro Nosotros Estaremos
92%
Pretérito Él Estuvo
92%
Pretérito Ellos Estuvieron
91%
Pretérito Nosotros Estuvimos
91%
Pretérito Estuviste
91%
Futuro Vosotros Estaréis
90%
Pretérito Imperfecto Yo Estaba
88%
Pretérito Imperfecto Él Estaba
88%
Pretérito Imperfecto Estabas
88%
Pretérito Imperfecto Nosotros Estábamos
87%
Pretérito Vosotros Estuvisteis
87%
Pretérito Imperfecto Vosotros Estabais
86%
Pretérito Imperfecto Ellos Estaban
86%
Presente de Subjuntivo Yo Esté
86%
Presente de Subjuntivo Él Esté
86%
Condicional Yo Estaría
84%
Condicional Él Estaría
84%
Presente de Subjuntivo Estés
84%
Condicional Nosotros Estaríamos
83%
Condicional Estarías
83%
Presente de Subjuntivo Nosotros Estemos
83%
Condicional Ellos Estarían
82%
Presente de Subjuntivo Vosotros Estéis
82%
Condicional Vosotros Estaríais
80%
Imperfecto de Subjuntivo Yo Estuviera
72%
Imperfecto de Subjuntivo Él Estuviera
72%
Imperfecto de Subjuntivo Nosotros Estuviéramos
70%
Imperfecto de Subjuntivo Ellos Estuvieran
70%
Imperfecto de Subjuntivo Estuvieras
70%
Imperfecto de Subjuntivo Vosotros Estuvierais
69%
No se encontraron pruebas coincidentes
Distribución de puntuación
Porcentaje de gente con cada puntuación
Porcentaje por número respondido
Historial de tus puntuaciones
No has intentado esta prueba.